000 00823nam a2200265Ia 4500
003 OSt
005 20220926010036.0
006 a|||||r|||| 00| 0
007 ta
008 220923b |||||||| |||| 00| 0 eng d
020 _a9788175346048
_c595
037 _bRKBA\09-10\5431, 24/02/2015, RAJKIRAN BOOK AGENCY
_cGeneral Book
040 _aRTL
_cRTL
_beng
041 _2eng
_aeng
082 _aZ,2675.2, P7
100 _aARORA Manish
_9311738
245 0 _aUniversal's guide to trade marks law
250 _a2nd
260 _a New Delhi
_bUniversal Law Publishing
_c2007
300 _axi,606p
_ccm.
500 _aBibliography: P 185-202
650 _aCommerce
942 _hZ,2675.2, P7
_cGB
_2CC
999 _c616225
_d616225